• 首页
  • 本馆介绍
  • 公告通知
  • 最新文献
  • 馆藏检索
  • 电子资源
  • 读者导购
  • 参考咨询
  • 我的图书馆
  • 登录
  • 详细信息显示
  • 放入我的书架
  • 预约/预借图书
  • 作者相关作品
  • 分类相关作品
  • 丛书相关作品
  • 出版社相关作品

书目信息

  • 表格格式
  • 工作单格式
  • 卡片格式
题名:
学习珠算可以增强脑力
    
 
作者: 荒木勲 著 ;殷长生 编译
分册:  
出版信息: 北京   科学普及出版社  1980
页数: 128页
开本: 19cm
丛书名:
单 册:
中图分类: O121.5
科图分类:
主题词: 珠算
电子资源:
ISBN:
000 00713nam0 2200241 45
001 0180005344
005 20060911171015.76
010    @dCNY0.38
091    @a13051.1086
100    @a19950705d1980 em y0chiy0121 ea
101 1  @achi@cjpn
102    @aCN@b110000
105    @ay z 000yy
200 10 @a学习珠算可以增强脑力@Axue xi zhu suan ke yi zeng qiang nao li@f(日)荒木勲著@F(ri)huang mu xun zhu@g殷长生编译
210    @a北京@c科学普及出版社@d1980
215    @a128页@d19cm
606    @a珠算
690    @aO121.5@v3
701  0 @a荒木勲@Ahuang mu xun@4著
702  0 @a殷长生@Ayin chang sheng@4编译
801  0 @aCN@b上海图书馆@c20060911
801  2 @aCN@bNLC@c20060810
905    @dO121.5@e101@f4@b94185-188
    
    学习珠算可以增强脑力/(日)荒木勲著/殷长生编译.-北京:科学普及出版社,1980
    128页;19cm
    
    
    ISBN :CNY0.38
    
●
相关链接 在E读中查询图书 在五车中查询图书 在当当中查询图书 在豆瓣中查询图书


正题名:学习珠算可以增强脑力     索取号:O121.5/101         预约/预借

序号 登录号 条形码 馆藏地/架位号 状态 备注
1 0032371   001244941   第三借阅区/ [索取号:O121.5/101] 在馆    
2 0032372   001244978   第三借阅区/ [索取号:O121.5/101] 在馆    
3 0032373   001244969   第三借阅区/ [索取号:O121.5/101] 在馆    
4 0032374   001244950   第三借阅区/ [索取号:O121.5/101] 在馆    
5 0032375   001244996   第三借阅区/ [索取号:O121.5/101] 在馆    
6 0094189   202093108   第二样本阅览室/ [索取号:O121.5/101] 在馆    
7 0447779   204477798   密集书库/ [索取号:O121.5/101] 在馆    
8 0448572   204485725   密集书库/ [索取号:O121.5/101] 在馆    
9 0472063   204720631   密集书库/ [索取号:O121.5/101] 在馆    
唐山师范学院图书馆 欢迎您!
大连网信软件有限公司© 版权所有